Problémy ekonomiky voľného trhu v systéme megakorporácií
Neoliberalizmus ako paradigma, ktorá dominuje svetovým hospodársko-politickým vzťahom viac ako tri desaťročia. Neobmedzený hospodársky rast je nerealistický.
Guardado en:
| Autor principal: | |
|---|---|
| Formato: | Capítulo de libro |
| Lenguaje: | eslovaco |
| Materias: | |
| Etiquetas: |
Sin Etiquetas, Sea el primero en etiquetar este registro!
|
MARC
| LEADER | 00000nla a2200000 4500 | ||
|---|---|---|---|
| 001 | 0240023 | ||
| 005 | 20240502073907.5 | ||
| 041 | 0 | |a slo | |
| 044 | |a SK | ||
| 245 | 1 | 0 | |a Problémy ekonomiky voľného trhu v systéme megakorporácií |c Ingrid Potisková |
| 520 | |a Neoliberalizmus ako paradigma, ktorá dominuje svetovým hospodársko-politickým vzťahom viac ako tri desaťročia. Neobmedzený hospodársky rast je nerealistický. | ||
| 610 | 2 | 0 | |a neoliberalizmus |
| 610 | 2 | 0 | |a korporácie |
| 610 | 2 | 0 | |a korporácie transnacionálne |
| 610 | 2 | 0 | |a sociológia |
| 610 | 2 | 0 | |a rozvoj trvalo udržateľný |
| 610 | 2 | 0 | |a nerovnosť |
| 610 | 2 | 0 | |a kríza |
| 100 | 1 | |a Potisková, Ingrid | |